00670nam a2200193Ia 4500008004100000020001800041082001400059100006100073245004500134250000800179260004200187300002300229500001900252600003300271650001600304942000700320952013200327999001700459240925s9999 xx 000 0 und d a9788126518111 a512.7 NIV aNiven, Ivan ; Zuckerman, Herbert S.; Montgomery, Hugh L. 3aAn Introduction to The Theory of Numbers a5th aNew Delhi:bJohn Wiley & Sonsc,2016. a340p.b0fOriginal aIncludes Index aHumanities & Natural Science aMathematics cBK 001040708ETaUITUbUITUd2019-06-18eAllied Book Companyg1349.92l0o512.7 NIVpQ14834r2024-09-25 07:17:27w0000-00-00yBK c17333d17333